Largest Countries That HAVE NEVER Won Olympic Gold - Statistics

General Stats
  • This quiz has been taken 420 times
    230 since last reset
  • The average score is 8 of 20
Answer Stats
pop
million
country % Correct
80 Dem Rep Congo
76%
161 Bangladesh
74%
17 Niger
68%
40 Sudan
56%
24 Angola
50%
102 Philippines
50%
38 Iraq
49%
28 Afghanistan
46%
49 Tanzania
46%
12 South Sudan
45%
33 Saudi Arabia
43%
31 Malaysia
34%
16 Zambia
34%
28 Ghana
33%
15 Senegal
27%
21 Sri Lanka
26%
7 Paraguay
24%
16 Guatemala
22%
11 Haiti
19%
7 Togo
17%
No matching quizzes found
Score Distribution
Percent of People with Each Score
Percentile by Number Answered
Your Score History
You have not taken this quiz since the last reset